La Dependencia tecnológica de los países en desarrollo: examen de los problemas y líneas de acción /

Kaydedildi:
Detaylı Bibliyografya
Yazar: Patel, Surendra J.
Materyal Türü: Metin
Etiketler: Etiketle
Etiket eklenmemiş, İlk siz ekleyin!

MARC

LEADER 00000 a a2200000 04500
001 10958
003
040
100 |a Patel, Surendra J.  
245 |a La Dependencia tecnológica de los países en desarrollo:   |b examen de los problemas y líneas de acción /  |c Surendra J. Patel 
773 |g número 8 -9; páginas 121-140  
999 |c 36509  |d 36509